00710nam a2200193Ia 4500008004100000041001200041082002200053100003000075245010300105260003800208300000800246365000800254520001200262546001200274630010300286650001200389655001200401730010300413101110s9999 xx 000 0 und d aMARATHI bSR34113a891.4692 aBavaskar Himmatrao Saluba aBarristerch kart : kashtakari samajatil aantarashtriya khyatichya sanshodhak doctorche aatmakathan c2008bMajestick prakashan, Mumbai a262 b200 aMarathi aMARATHI aBarristerch kart : kashtakari samajatil aantarashtriya khyatichya sanshodhak doctorche aatmakathan aMarathi aMarathi aBarristerch kart : kashtakari samajatil aantarashtriya khyatichya sanshodhak doctorche aatmakathan